000
00295nam a22001337a 4500
999
_c
12902
_d
12902
020
_a
9789332585607
082
_a
004.22
100
_a
Mano, M.Morris
245
_a
Computer System Architecture
250
_a
3rd edition
260
_a
India
_b
Pearson
_c
2017
300
_a
586 pages.
942
_c
BK